000 00519nmm a2200193Ia 4500
008 251105s9999||||xx |||||||||||||||||und||
020 _a9788475221243
041 _aspa
100 _aNeruda, Pablo
245 0 _aBestiario
264 _a[Madrid, España] :
_bVisor Libros,
_c2007
300 _a216 páginas
490 _aVisor de Poesía
650 _aLatin American poetry
700 _aNeruda, Pablo
700 1 _a Bellini, Giuseppe
856 _uhttps://public.digitaliapublishing.com/a/41098
942 _cCF
999 _c69322
_d69322